| 000 -LEADER |
| fixed length control field |
00729nam a2200265Ia 4500 |
| 001 - CONTROL NUMBER |
| control field |
18269 |
| 003 - CONTROL NUMBER IDENTIFIER |
| control field |
GE_BSU |
| 008 - FIXED-LENGTH DATA ELEMENTS--GENERAL INFORMATION |
| fixed length control field |
181216s||||||||xx |||||||||||||| ||und|| |
| 020 ## - INTERNATIONAL STANDARD BOOK NUMBER |
| International Standard Book Number |
9788484434290 |
| 040 ## - CATALOGING SOURCE |
| Transcribing agency |
GE_BSU |
| 080 ## - UNIVERSAL DECIMAL CLASSIFICATION NUMBER |
| Universal Decimal Classification number |
811.133.1 |
| 100 ## - MAIN ENTRY--PERSONAL NAME |
| Personal name |
Bretonnier, Marie., Godard, Emmanuel., Liria, Philippe.... |
| 245 ## - TITLE STATEMENT |
| Title |
Les Cles Du Nouveau Delf. B2 |
| 245 ## - TITLE STATEMENT |
| Remainder of title |
Tout pour reussir le Delf nouvelle formule |
| 260 ## - PUBLICATION, DISTRIBUTION, ETC. |
| Place of publication, distribution, etc. |
Paris |
| 260 ## - PUBLICATION, DISTRIBUTION, ETC. |
| Name of publisher, distributor, etc. |
Maison de Langues |
| 260 ## - PUBLICATION, DISTRIBUTION, ETC. |
| Date of publication, distribution, etc. |
2015 |
| 300 ## - PHYSICAL DESCRIPTION |
| Extent |
177p.30cm. |
| 300 ## - PHYSICAL DESCRIPTION |
| Accompanying material |
+1CD |
| 653 ## - INDEX TERM--UNCONTROLLED |
| Uncontrolled term |
Les Cles Du Nouveau Delf |
| 653 ## - INDEX TERM--UNCONTROLLED |
| Uncontrolled term |
Tout pour reussir le Delf nouvelle formule |
| 653 ## - INDEX TERM--UNCONTROLLED |
| Uncontrolled term |
ფრანგული ენა |
| 942 ## - ADDED ENTRY ELEMENTS (KOHA) |
| Koha item type |
წიგნი |